| 000 | 00455cam a2200193ua 4500 | ||
|---|---|---|---|
| 001 | 8840 | ||
| 008 | 150216n ii |||gr||||Z||||||eng | ||
| 020 | _a9788189472399 | ||
| 040 | _cMAIN | ||
| 041 | _aeng | ||
| 082 | _a383.1226 | ||
| 100 |
_aBasotia, G. R., _eAuthor. |
||
| 245 | 1 |
_aCommercial correspondence _cBy G. R. Basotia |
|
| 250 | _a1st. | ||
| 260 |
_aJaipur: _bMark, _c2010. |
||
| 300 | _a248p. | ||
| 653 | _aPostal communication | ||
| 942 | _cBK | ||
| 999 |
_c7934 _d7934 |
||